Transformačné premeny
Generálny riaditeľ Divízie techniky Slovenskej sporiteľne, a.s. Bratislava, Ing. Štefan Máj o spoľahlivom vybavení a ochrane pobočiek a úradovní. Vzrast počtu bankových produktov. Technické zázemie a pracovné podmienky. Renovácia historických budov, zbierka umeleckých diel. Komplexný servis služieb.
Guardado en:
| Autor principal: | |
|---|---|
| Otros Autores: | , |
| Formato: | Capítulo de libro |
| Lenguaje: | eslovaco |
| Materias: | |
| Etiquetas: |
Sin Etiquetas, Sea el primero en etiquetar este registro!
|
MARC
| LEADER | 00000naa a2200000 4500 | ||
|---|---|---|---|
| 001 | r017088 | ||
| 005 | 20221213100001.3 | ||
| 041 | 0 | |a slo | |
| 044 | |a SK | ||
| 245 | 1 | 0 | |a Transformačné premeny |c Štefan Máj, M. Kuček, M. Frydrychová |
| 520 | |a Generálny riaditeľ Divízie techniky Slovenskej sporiteľne, a.s. Bratislava, Ing. Štefan Máj o spoľahlivom vybavení a ochrane pobočiek a úradovní. Vzrast počtu bankových produktov. Technické zázemie a pracovné podmienky. Renovácia historických budov, zbierka umeleckých diel. Komplexný servis služieb. | ||
| 610 | 2 | 0 | |a Slovensko |
| 610 | 2 | 0 | |a 1990-1995 |
| 610 | 2 | 0 | |a sporiteľne |
| 610 | 2 | 0 | |a Slovenská sporiteľňa, a.s. Bratislava |
| 610 | 2 | 0 | |a vybavenosť technická |
| 610 | 2 | 0 | |a transformácia |
| 610 | 2 | 0 | |a služby finančné |
| 100 | 1 | |a Máj, Štefan | |
| 700 | 1 | |a Kuček, M. | |
| 700 | 1 | |a Frydrychová, M. | |